[Event "It (cat.10)"]
[Site "masterchessopen.com Groningen (Netherlands)"]
[Date "2004.12.21"]
[Round "1"]
[White "Gagunashvili Merab (GEO)"]
[Black "Kuzubov Yuriy (UKR)"]
[Result "1-0"]
[WhiteElo "2567"]
[BlackElo "2530"]

{ Gagunashvili Merab (GEO) +1 =0 -1 } 1.d4 { 1 } 1...Nf6 2.c4 e6 3.Nc3 Bb4
4.Qc2 c5 5.dxc5 O-O 6.a3 Bxc5 7.Nf3 b6 8.Bg5 h6 9.Bh4 Bb7 10.Rd1 ( 10.e4 Be7
11.Rd1 Nh5 12.Bg3 Nc6 13.e5 Rc8 14.Be2 f5 15.exf6 Bxf6 16.Nb5 Ba8 17.Qg6 Nxg3
18.hxg3 Ne7 19.Qg4 a6 20.Nd6 Rc6 21.Ne4 Nf5 22.b4 Rc7 23.Bd3 Bxe4 24.Qxe4 Bc3+
25.Kf1 Qf6 26.g4 Nd6 27.Qh7+ Kf7 28.Rh5 Ke7 29.c5 bxc5 { ...1-0, Sokolov Ivan
2690 - Kurajica Bojan 2557 , Sarajevo 26. 5.2004 It (cat.15) } ) ( 10.e3 Be7
11.Be2 d6 12.O-O Nbd7 13.Rfd1 a6 14.Bg3 Nc5 15.Nd2 Rc8 16.Rac1 Re8 17.h3 Ncd7
18.b4 Bf8 19.Qb1 Qc7 20.Nde4 Nxe4 21.Nxe4 Bxe4 22.Qxe4 a5 23.Qd4 e5 24.Qd2
axb4 25.axb4 Ra8 26.Bf3 Ra4 27.Rc2 Nf6 28.Bh4 g5 29.Bg3 Qc8 { ...1-0, Van Wely
Loek 2668 - Kiik Kalle 2445 , Halkidiki 2002 Cup European Club (final) } )
10...Be7 11.e4 Nh5 { ? } 12.Bg3 ( 12.Bxe7 Qxe7 13.Be2 Nf4 14.O-O f5 15.Rfe1
Na6 16.exf5 Rxf5 17.Nd5 Nxe2+ 18.Rxe2 Qf7 19.Ne7+ Qxe7 20.Qxf5 Rf8 21.Qg4 Bxf3
22.gxf3 Nb8 23.b4 a5 24.b5 Qxa3 25.Re3 Qc5 26.Qd4 Qc7 27.Kg2 Rf5 28.Qd6 Qb7
29.h4 Kf7 30.Rd4 a4 { 1-0, Georgiev Kiril 2637 - Perunovic Milos 2550 ,
Jahorina 2003 Ch Bosnia & Herzegovina (team) } ) 12...a6 ( 12...Nxg3 13.hxg3
a6 14.e5 Qc7 15.Ne4 Nc6 16.Nf6+ Bxf6 17.exf6 Ne5 18.fxg7 Nxf3+ 19.gxf3 Kxg7
20.Qc3+ f6 21.Be2 Rf7 22.Rd4 d5 23.Rg4+ Kf8 24.Rxh6 Ke7 25.Rg7 Rxg7 26.Qxf6+
Ke8 27.Qxe6+ { 1-0, Gagunashvili Merab 2583 - Mirzoeva Elmira 2254 , Dubai
2003 It (open) } ) ( 12...Nc6 13.e5 Rc8 14.Be2 f5 15.exf6 Bxf6 16.Nb5 Ba8
17.Qg6 Nxg3 18.hxg3 Ne7 19.Qg4 a6 20.Nd6 Rc6 21.Ne4 Nf5 22.b4 Rc7 23.Bd3 Bxe4
24.Qxe4 Bc3+ 25.Kf1 Qf6 26.g4 Nd6 27.Qh7+ Kf7 28.Rh5 Ke7 29.c5 bxc5 30.Rxc5
Rxc5 31.bxc5 Nb7 32.c6 { ...1-0, Sokolov Ivan 2690 - Kurajica Bojan 2557 ,
Sarajevo 26. 5.2004 It (cat.15) } ) ( 12...f5 13.Bxb8 Rxb8 14.Nd4 fxe4 15.Nxe6
Qe8 16.Nxf8 Bxf8 17.Qd2 e3 18.fxe3 Bc5 19.Nd5 Qe5 20.b4 Be7 21.Qd4 Qg5 22.Be2
Bf6 23.Qg4 Bxd5 24.Qxg5 Bxg5 25.Rxd5 Nf6 26.Rd3 Re8 27.Kf2 Re4 28.Rc1 Re5
29.Bf3 d6 30.Rcd1 Kf7 31.g3 h5 32.h3 { ...1-0, Nadera Barlo A 2405 - Norris
Damian C 2195 , Genting Highlands 1995 Zt } ) 13.e5 Qc7 { N ^254 ^00 ^00 ^00
^04 ! } ( 13...Bxf3 14.gxf3 Qc7 15.f4 d6 16.f5 dxe5 17.fxe6 fxe6 18.Qg6 Nf6
19.Rg1 Rf7 20.Bh3 Qxc4 21.Rd5 Qc6 22.Rxe5 Nbd7 23.Rxe6 Qc4 24.Re3 Nf8 25.Qd3
Qb3 26.Bg2 Rd8 27.Nd5 Qxb2 28.Rxe7 Qa1+ 29.Ke2 Qa2+ 30.Kf1 Nxd5 31.Re2 Ne3+
32.Qxe3 Rd1+ 33.Re1 { ...0-1, Gagunashvili Merab 2583 - Macieja Bartlomiej
2653 , Rethymnon 2003 Cup European Club (final) } ) 14.Ne4 { } 14...Nc6 { ?! }
( 14...Rc8 { !? } 15.Be2 Nxg3 16.hxg3 Nc6 { } ) 15.Nf6+ Bxf6 16.exf6 e5
17.fxg7 Rfe8 18.Qf5 Nxg7 19.Qxd7 Rac8 20.Be2 Ne6 21.O-O Ncd4 22.Rxd4 Bxf3
23.Qxc7 Rxc7 24.Rd2 Bxe2 25.Rxe2 Rxc4 26.Bxe5 Nc5 27.Re3 Kh7 { ?! } ( 27...h5
{ !? } 28.Rfe1 Rc2 29.Kf1 Kh7 { } ) 28.h3 a5 29.Bc3 { ? } ( { ? } 29.Bc7 Rxe3
30.fxe3 Na4 31.Rxf7+ { } ) 29...Rxe3 30.fxe3 Kg8 31.Rd1 Ne6 { ?! } ( 31...Ne4
{ !? } 32.Rd8+ Kh7 33.Bd4 Rc1+ { } ) 32.Rd6 b5 33.Bxa5 { } {#r} 1-0

[Event "It (open)"]
[Site "masterchessopen.com Krakow (Poland)"]
[Date "2005.01.04"]
[Round "9"]
[White "Szromba Krzysztof (POL)"]
[Black "Mola Pietro (ITA)"]
[Result "1-0"]
[WhiteElo "2214"]
[BlackElo "2297"]

1.d4 Nf6 2.c4 e6 3.Nc3 Bb4 4.Qc2 c5 5.dxc5 O-O 6.Nf3 Na6 7.a3 Bxc3+ 8.Qxc3
Nxc5 9.e3 b6 10.Be2 Bb7 11.O-O Rc8 12.Nd4 d5 13.Rd1 Qc7 14.cxd5 Nxd5 15.Qe1
Rfd8 16.f3 a6 17.e4 Nf4 18.Be3 e5 19.Bxf4 exf4 20.Rac1 Qe5 21.Nf5 g6 22.Nh6+
Kg7 23.Qh4 Rxd1+ 24.Rxd1 Ne6 25.Nxf7 Qc5+ 26.Kf1 Bc6 27.Nd6 Rc7 28.Bc4 Nd4
29.Qxf4 Nc2 30.Nf5+ Kf8 31.Rd8+ Be8 32.Qh6+ {#r} 1-0

[Event "Ch France (team) (nat.2) 2004/05"]
[Site "masterchessopen.com France"]
[Date "2005.01.08"]
[Round "5"]
[White "Delalande Thierry (FRA)"]
[Black "Antoine Jean-Luc (FRA)"]
[Result "1-0"]
[WhiteElo "2155"]
[BlackElo "1648"]

1.d4 Nf6 2.c4 e6 3.Nc3 Bb4 4.Qc2 c5 5.dxc5 O-O 6.a3 Bxc5 7.Nf3 Nc6 8.Bf4 a6
9.Rd1 h6 10.e4 Ng4 11.Bg3 f5 12.h3 f4 13.Bh4 g5 14.hxg4 e5 15.b4 Nd4 16.Qd3
Nxf3+ 17.gxf3 Be7 18.Nd5 Kg7 19.Qc3 Bf6 20.c5 Re8 21.Bc4 Kg6 22.Nxf6 Kxf6
23.Bxg5+ hxg5 24.Rh7 Kg6 25.Rf7 d5 26.Rxd5 {#r} 1-0

[Event "Dos Hermanas Internet Final"]
[Site "masterchessopen.com Internet"]
[Date "2005.03.26"]
[Round "2"]
[White "Zhao Xue (CHN)"]
[Black "Harikrishna P (IND)"]
[Result "1-0"]
[WhiteElo "2478"]
[BlackElo "2673"]

{ } 1.d4 Nf6 2.c4 e6 3.Nc3 Bb4 4.Qc2 c5 5.dxc5 O-O 6.Nf3 Na6 7.g3 Nxc5 { = }
8.a3 Bxc3+ 9.Qxc3 a5 { N } ( 9...b6 10.Bg2 Bb7 11.O-O Rc8 ( 11...d5 12.b4 Nce4
13.Qd4 dxc4 14.Qxc4 Rc8 15.Qb3 Qe7 16.Bb2 Bd5 17.Qe3 Nd6 18.Rfc1 Nc4 19.Bxf6
Qxf6 20.Qd4 Rfd8 21.Qxf6 gxf6 22.Rc3 Nd6 23.Rxc8 Rxc8 24.Ne1 Bxg2 { 1/2-1/2,
Jakab Attila 2402 - Ovsejevitsch Sergei 2521 , Budapest 2003 It (cat.8) } )
12.Bf4 d5 13.Ne5 Nfe4 14.Qe3 d4 15.Qc1 Nb3 16.Qc2 Nxa1 17.Rxa1 Nd6 18.Bxb7
Nxb7 19.Rd1 f6 20.Nf3 e5 21.Bd2 Qc7 22.b3 b5 23.Rc1 bxc4 24.bxc4 Rfd8 25.Ne1
a5 26.Qe4 Nc5 27.Qh4 Nb3 28.Rc2 Nxd2 29.Rxd2 { ...0-1, Adianto Utut 2610 -
Karpov Anatoly 2725 , Cap d'Agde 1998 It (active) } ) ( 9...Qe7 10.Bg2 d5
11.b4 Nce4 12.Qc2 dxc4 13.Qxc4 Nd6 14.Qa2 e5 15.O-O Be6 16.Qd2 Nc4 17.Qe1 Bd5
18.Nd2 Bxg2 19.Kxg2 Nxd2 20.Bxd2 Ne4 21.Be3 b6 22.f3 Nd6 23.Rc1 Rac8 24.Rc3
Rc4 25.Rxc4 Nxc4 26.Qc3 Rc8 27.Kf2 Qd7 28.Rc1 b5 29.Bc5 { ...1/2-1/2, Baumann
Claude 2075 - Caels Vivianne 2058 , Salonika 1988 Olympiad (w) } ) ( 9...Ng4
10.Qc2 d5 11.h3 Nf6 12.Bg2 dxc4 13.Qxc4 Qd5 14.Qxd5 Nxd5 15.O-O Nb3 16.Rb1 Bd7
17.Nd2 Nd4 18.e4 Nb6 19.Nf3 Nb3 20.Bf4 Rac8 21.Rfd1 f6 22.Rd6 Nc5 23.e5 Bc6
24.exf6 Rxf6 25.Ne5 Bxg2 26.Kxg2 Ne4 27.Rd4 Nxf2 28.Kxf2 g5 29.Kf3 { ...0-1,
Seifert Frank 2215 - Litwak Aleksej 2086 , Hamburg 2001 Ch Germany (juniors)
(under 20) (team) } ) ( 9...Nce4 10.Qd4 d5 11.Bg2 dxc4 12.Qxc4 Bd7 13.O-O Rc8
14.Qd4 a6 15.Be3 Bb5 16.Qxd8 Rfxd8 17.Nd4 Bc4 18.Rfc1 Bd5 19.f3 Nd6 20.Bf4
Nde8 21.Rxc8 Rxc8 22.e4 Bc6 23.Rd1 Bd7 24.Bf1 Kf8 25.g4 Rd8 26.Nb3 Ke7 27.Bd2
Nc7 28.Na5 Bc8 29.Bb4+ { ...1-0, Sturua Zurab 2571 - Ravi Thandalam Shanmugam
2357 , Dubai 2001 It (open) } ) ( 9...d5 10.cxd5 Qxd5 11.Be3 Nce4 12.Qe5 b6
13.Bg2 Bb7 14.O-O Ng4 15.Qxd5 Bxd5 16.Bd4 Nh6 17.Rfc1 Rfc8 18.Ne1 Nf5 19.Be5
f6 20.f3 Nc5 21.Bc3 Ne3 22.Bb4 Nb3 23.Rxc8+ Rxc8 24.Rb1 Rc1 25.Rxc1 Nxc1
26.Bh3 Nd1 27.e4 Bc4 28.Bd2 Ne2+ 29.Kg2 { ...0-1, Alzate Dario 2432 -
Hernandez Alexander 2272 , Cali 2001 Ch American Continent } ) 10.Bg2 a4 { N }
11.O-O b6 12.Be3 Ba6 13.Qb4 Rc8 14.Rac1 d5 15.Rfd1 Ncd7 16.Nd2 Ng4 17.Qxa4
Nxe3 18.fxe3 Nc5 19.Qb4 Qg5 20.Rc3 dxc4 21.Nxc4 { +0.56 CAP } 21...h5 { ?? } (
21...Rfd8 22.Nd6 Rb8 23.Qf4 Qe7 { } ) 22.Nxb6 Rc7 23.Qf4 Qe7 24.b4 Rb8 25.Rxc5
{ } {#r} 1-0

[Event "Ch Hessen"]
[Site "masterchessopen.com Offenbach (Germany)"]
[Date "2005.03.30"]
[Round "4"]
[White "Malek Daniel (GER)"]
[Black "Legde Georg (GER)"]
[Result "0-1"]
[WhiteElo "2322"]
[BlackElo "2355"]

1.d4 Nf6 2.c4 e6 3.Nc3 Bb4 4.Qc2 c5 5.dxc5 O-O 6.a3 Bxc5 7.Nf3 Nc6 8.Bf4 b6
9.e4 Bb7 10.O-O-O Nh5 11.Bg5 Be7 12.h4 h6 13.Be3 Nf6 14.e5 Ng4 15.Bf4 f6
16.exf6 Bxf6 17.Bg3 Nce5 18.Nd4 Qe7 19.Qe2 Rac8 20.f3 Nxc4 21.fxg4 Nxb2
22.Kxb2 Rxc3 23.Kxc3 Qxa3+ 24.Kd2 Bxd4 25.Qc4 Qb2+ {#R} 0-1

[Event "Bayern Landesliga South 2004/05"]
[Site "masterchessopen.com Bayern (Germany)"]
[Date "2005.04.10"]
[Round "9"]
[White "Braun Thomas (GER)"]
[Black "Gruber Bernd (GER)"]
[Result "1-0"]
[WhiteElo "2205"]
[BlackElo "2010"]

1.d4 Nf6 2.c4 e6 3.Nc3 Bb4 4.Qc2 c5 5.dxc5 O-O 6.Nf3 Na6 7.a3 Bxc3+ 8.Qxc3 Ne4
9.Qc2 Qa5+ 10.Nd2 Nxd2 11.Bxd2 Qxc5 12.b4 Qe7 13.g3 d5 14.Bg2 Qf6 15.O-O d4
16.Qe4 e5 17.f4 Re8 18.fxe5 Qxe5 19.Qf3 Re7 20.Bf4 Qxe2 21.Qxe2 Rxe2 22.Rad1
Re7 23.Bd6 Rd7 24.Rfe1 h6 25.Re8+ Kh7 26.Be4+ g6 27.Be5 f6 28.Bxf6 Rg7 29.Bxg7
Kxg7 30.Rxd4 Kf7 31.Rdd8 {#r} 1-0

[Event "It (open)"]
[Site "masterchessopen.com Porto Carras (Greece)"]
[Date "2005.04.26"]
[Round "6"]
[White "Nikolaidis Ioannis (GRE)"]
[Black "Allahverdiev Anar (AZE)"]
[Result "1-0"]
[WhiteElo "2521"]
[BlackElo "2435"]

1.d4 Nf6 2.c4 e6 3.Nc3 Bb4 4.Qc2 c5 5.dxc5 O-O 6.a3 Bxc5 7.Bf4 Nc6 8.e3 a6
9.Nf3 d5 10.Rd1 Qa5 11.Nd2 Be7 12.Be2 Qb6 13.Nf3 dxc4 14.Bxc4 Qc5 15.Bd3 b5
16.b4 Qb6 17.e4 Nh5 18.Be3 Qc7 19.Nd5 exd5 20.exd5 Nf4 21.Bxf4 Qxf4 22.dxc6
Bg4 23.Bxh7+ Kh8 24.Rd4 Bxb4+ 25.Kf1 Qxf3 26.gxf3 Bh3+ 27.Ke2 {#r} 1-0

[Event "Tournament (juniors) (under 12)"]
[Site "masterchessopen.com Yalova (Turkey)"]
[Round "6"]
[White "Komut Burak (TUR)"]
[Black "Firat Burak (TUR)"]
[Result "0-1"]
[WhiteElo "2007"]
[BlackElo "2029"]

1.d4 Nf6 2.c4 e6 3.Nc3 Bb4 4.Qc2 c5 5.dxc5 O-O 6.Nf3 Qa5 7.Bd2 Qxc5 8.e3 b6
9.a3 Bxc3 10.Bxc3 Qe7 11.Bd3 h6 12.O-O Bb7 13.b4 d6 14.Bxf6 Qxf6 15.Be4 Nc6
16.Rfd1 Rac8 17.Rac1 d5 18.cxd5 exd5 19.Bd3 Nxb4 20.Qe2 Nxd3 21.Qxd3 Rc4
22.Rxc4 dxc4 23.Qxc4 Bxf3 24.gxf3 Qxf3 25.Rd7 Re8 26.Qd3 Qf6 27.Rxa7 Rc8
28.Qd2 Rc5 29.Ra8+ Kh7 30.Qd3+ g6 31.Qd4 Rc1+ 32.Kg2 Qc6+ {#R} 0-1

[Event "It (open)"]
[Site "masterchessopen.com Kranj (Slovenia)"]
[Date "2005.07.01"]
[Round "4"]
[White "Jelen Igor (SLO)"]
[Black "Mencinger Vojko (SLO)"]
[Result "0-1"]
[WhiteElo "2359"]
[BlackElo "2363"]

1.d4 Nf6 2.c4 e6 3.Nc3 Bb4 4.Qc2 c5 5.dxc5 O-O 6.a3 Bxc5 7.Nf3 b6 8.Bf4 Be7
9.Rd1 Nh5 10.Bg3 Bb7 11.e3 d6 12.Be2 f5 13.Nd4 Nxg3 14.hxg3 Qc7 15.O-O Nc6
16.Nd5 exd5 17.cxd5 Nxd4 18.Qxc7 Nxe2+ 19.Kh2 Rf6 {#R} 0-1

[Event "Ch Greece (team)"]
[Site "masterchessopen.com Greece"]
[Date "2005.07.06"]
[Round "3"]
[White "Ntiloudi Despina (GRE)"]
[Black "Markantonaki Haritomeni (GRE)"]
[Result "0-1"]
[WhiteElo "1876"]
[BlackElo "2161"]

1.d4 Nf6 2.c4 e6 3.Nc3 Bb4 4.Qc2 c5 5.dxc5 O-O 6.a3 Bxc5 7.Bg5 Bxf2+ 8.Kd1 Bc5
9.e4 Nc6 10.Nf3 Be7 11.Qd2 Ne8 12.Bf4 d6 13.Kc2 e5 14.Bg3 f5 15.exf5 Bxf5+
16.Bd3 Bg4 17.Be4 Nf6 18.Bd5+ Nxd5 19.Qxd5+ Kh8 20.Bf2 Qd7 21.Rhf1 Be6 22.Qd3
Rac8 23.b3 Na5 24.Nd2 Bf5 25.Nde4 b5 26.Qd5 a6 27.Rad1 Be6 28.Qd2 bxc4 29.Nc5
cxb3+ 30.Kb1 Bf5+ 31.Kc1 Qc6 {#R} 0-1

[Event "It (open)"]
[Site "masterchessopen.com Caerleon (Wales)"]
[Date "2005.07.10"]
[Round "2"]
[White "Richmond Robert (ENG)"]
[Black "Barsov Alexei (UZB)"]
[Result "0-1"]
[WhiteElo "2258"]
[BlackElo "2517"]

1.d4 e6 2.c4 Nf6 3.Nc3 Bb4 4.Qc2 c5 5.dxc5 O-O 6.Nf3 Na6 7.a3 Bxc3+ 8.Qxc3
Nxc5 9.b4 Nce4 10.Qd4 d6 11.e3 e5 12.Qd3 a5 13.b5 Bf5 14.Nh4 Be6 15.Bb2 Nxf2
16.Kxf2 Ng4+ 17.Kg3 f5 18.Bc1 f4+ 19.exf4 exf4+ 20.Bxf4 Rxf4 {#R} 0-1

[Event "It (open)"]
[Site "masterchessopen.com Ljubljana (Slovenia)"]
[Date "2005.07.12"]
[Round "6"]
[White "Jelen Igor (SLO)"]
[Black "Jovanic Ognjen (CRO)"]
[Result "1-0"]
[WhiteElo "2359"]
[BlackElo "2469"]

1.d4 Nf6 2.c4 e6 3.Nc3 Bb4 4.Qc2 c5 5.dxc5 O-O 6.a3 Bxc5 7.Nf3 b6 8.Bf4 Bb7
9.Rd1 Nc6 10.e3 Nh5 11.Bg3 f5 12.Be2 Rc8 13.O-O Nxg3 14.hxg3 Be7 15.Nb5 Rf7
16.Rd2 a6 17.Rfd1 Nb8 18.Nd6 Bxd6 19.Rxd6 Re7 20.Ne5 Rc5 21.f4 Qc7 22.Qd2 Bc8
23.b4 Rxe5 24.fxe5 Nc6 25.Qc3 Kf7 26.b5 Nd8 27.Qd4 axb5 28.Qxb6 Qxb6 29.Rxb6
Nc6 30.cxb5 Nxe5 31.Rb8 Re8 32.Rc1 {#r} 1-0

[Event "Ch Austria (qual)"]
[Site "masterchessopen.com Gmunden (Austria)"]
[Date "2005.08.14"]
[Round "2"]
[White "Niederwieser Peter (AUT)"]
[Black "Kilgus Georg (AUT)"]
[Result "0-1"]
[WhiteElo "2172"]
[BlackElo "2339"]

1.d4 Nf6 2.c4 e6 3.Nc3 Bb4 4.Qc2 c5 5.dxc5 O-O 6.a3 Bxc5 7.Bf4 Nh5 8.Bd2 b6
9.Nf3 Bb7 10.e4 Nc6 11.Be2 Nf6 12.O-O Nd4 13.Nxd4 Bxd4 14.Bd3 Ng4 15.Nb5 Bc5
16.Bf4 Qf6 17.Bg3 h5 18.Be2 a6 19.b4 Bxf2+ 20.Kh1 Ne3 21.Qa2 Nxf1 22.Rxf1 axb5
23.Bxf2 Bxe4 24.Bxb6 Qg5 25.Bf3 Bxf3 26.Rxf3 Qc1+ 27.Bg1 bxc4 {#R} 0-1

[Event "Ch Europe (juniors) (under 14)"]
[Site "masterchessopen.com Herceg Novi (Montenegro)"]
[Round "1"]
[White "Benidze Davit (GEO)"]
[Black "Kourousis Epaminondas (GRE)"]
[Result "1-0"]
[WhiteElo "2231"]
[BlackElo "1989"]

1.d4 Nf6 2.c4 e6 3.Nc3 Bb4 4.Qc2 c5 5.dxc5 O-O 6.Nf3 Nc6 7.a3 Bxc5 8.e3 b6
9.Bd3 Bb7 10.O-O Rc8 11.Qe2 Qc7 12.b4 Be7 13.Bb2 Rfd8 14.Rac1 Qb8 15.Bb1 d5
16.cxd5 Nxd5 17.Nxd5 Rxd5 18.Qc2 Rh5 19.Qe2 Rd8 20.h3 Qa8 21.Rfd1 Rhd5 22.Rxd5
Rxd5 23.Be4 Rd6 24.Rd1 Qd8 25.Rxd6 Qxd6 26.Qc2 h6 27.Ne5 Nd8 28.Bxb7 Nxb7
29.Qa4 {#r} 1-0

[Event "Ch Europe (juniors) (under 16) (g)"]
[Site "masterchessopen.com Herceg Novi (Montenegro)"]
[Round "9"]
[White "Kruljac Petra (CRO)"]
[Black "Bokuchava Madona (GEO)"]
[Result "1-0"]
[WhiteElo "2041"]
[BlackElo "2078"]

1.d4 Nf6 2.c4 e6 3.Nc3 Bb4 4.Qc2 c5 5.dxc5 O-O 6.a3 Bxc5 7.Nf3 b6 8.Bg5 Bb7
9.e4 h6 10.Bh4 Be7 11.Rd1 Nh5 12.Bxe7 Qxe7 13.Be2 Nc6 14.Nb5 Nf4 15.Nd6 Ba6
16.O-O Na5 17.Rfe1 Nb7 18.Nxb7 Bxb7 19.Qd2 Nxe2+ 20.Rxe2 Rfd8 21.Qb4 Qxb4
22.axb4 Rac8 23.b3 Kf8 24.b5 Ke7 25.Ra1 Ra8 26.Nd4 a5 27.f3 Rdc8 28.Ra4 Rc5
29.Nc2 Rac8 30.Ne3 Kf8 31.Rd2 R8c7 32.Rd6 f5 33.exf5 exf5 34.Rxb6 {#r} 1-0

[Event "It (open)"]
[Site "masterchessopen.com Albacete (Spain)"]
[Date "2005.09.02"]
[Round "3"]
[White "Vera Reynaldo (CUB)"]
[Black "Spassov Liuben (BUL)"]
[Result "1-0"]
[WhiteElo "2481"]
[BlackElo "2392"]

1.d4 Nf6 2.c4 e6 3.Nc3 Bb4 4.Qc2 c5 5.dxc5 O-O 6.a3 Bxc5 7.Nf3 Be7 8.e4 d6
9.Bf4 a6 10.O-O-O Qc7 11.e5 dxe5 12.Bxe5 Qa5 13.Ne4 Nbd7 14.Bc3 Qc7 15.Neg5
Re8 16.Bd3 h6 17.Bh7+ Kf8 18.Nxf7 Nxh7 19.Qxh7 Qf4+ 20.Kb1 Qxf7 21.Rxd7 Qf5+
22.Qxf5+ exf5 23.Rc7 a5 24.Re1 g6 25.Bd4 f4 26.Rcxe7 Bf5+ 27.Kc1 Rxe7 28.Bc5
Re8 29.Nh4 {#r} 1-0

[Event "Ch Russia (1/2 final)"]
[Site "masterchessopen.com Kazan (Russia)"]
[Date "2005.09.07"]
[Round "5"]
[White "Bareev Evgeny (RUS)"]
[Black "Belov Vladimir (RUS)"]
[Result "1-0"]
[WhiteElo "2675"]
[BlackElo "2620"]

{ Bareev Evgeny (RUS) +4 =4 -3 } 1.d4 Nf6 2.c4 e6 3.Nc3 Bb4 4.Qc2 c5 5.dxc5
O-O 6.a3 Bxc5 7.Nf3 b6 8.Bf4 Bb7 9.Rd1 Nc6 { ? } 10.e4 ( 10.b4 Be7 11.e4 Rc8
12.e5 Nh5 13.Be3 Qc7 14.Nb5 Qb8 15.Nd6 Bxd6 16.exd6 f5 17.Be2 Nf6 18.O-O Nd8
19.Ne5 Nf7 20.Nxf7 Rxf7 21.Bf4 b5 22.c5 Bc6 23.Rfe1 Qa8 24.Bf1 Nd5 25.Bd2 a6
26.Qd3 Re8 27.Re5 Qd8 28.Qd4 h6 29.f3 Qc8 { ...1-0, Bareev Evgeny 2715 -
Korotylev Alexey 2596 , Moscow 27.11.2004 Ch Russia } ) ( 10.e3 Rc8 11.Be2 Be7
12.Nb5 d5 13.Qb1 a6 14.Nc3 Na5 15.cxd5 exd5 16.Be5 Nc4 17.Bxc4 Rxc4 18.O-O b5
19.Bd4 b4 20.axb4 Rxb4 21.Ne5 Bd6 22.Qf5 Qc7 23.Nd3 Bc8 24.Qg5 Rxd4 25.exd4
Bxh2+ 26.Kh1 h6 27.Qh4 Bd6 28.Rfe1 Be6 29.Rd2 Rb8 { ...1-0, Shipov Sergei 2582
- Bluvshtein Mark 2525 , Montreal 7. 8.2005 It (cat.12) } ) 10...Ne7 { +0.00
CAP } ( 10...e5 11.Bg5 Nd4 12.Nxd4 Bxd4 13.Bd3 h6 14.Bxf6 Qxf6 15.Nb5 Qg6
16.O-O f5 17.Nxd4 fxe4 18.Be2 exd4 19.Rxd4 Rad8 20.Qb3 Kh8 21.Qg3 Qxg3 22.hxg3
Rf6 23.Bg4 d6 24.Rfd1 Kg8 25.R1d2 Kf8 26.b4 Ke7 27.Re2 Kf8 28.Kf1 h5 29.Bh3 g5
30.g4 { ...0-1, Maksimenko Andrei 2545 - Gipslis Aivars 2470 , Germany 1996
Oberliga Northeast 1996/97 } ) 11.h4 { N } ( 11.Be2 Ng6 12.Bg3 ( 12.Bc1 Qc7
13.O-O Rac8 14.Bg5 Rfd8 15.Rd2 a6 16.h3 h6 17.Bxf6 gxf6 18.Rfd1 Nf4 19.Bf1 f5
20.Ne1 Kh8 21.b4 Be7 22.g3 fxe4 23.Nxe4 d5 24.Qb2+ Kg8 25.Nf6+ Bxf6 26.Qxf6
Ng6 27.cxd5 Rxd5 28.Rxd5 Bxd5 29.Bxa6 Ra8 30.Bd3 Qe5 { ...1/2-1/2, Reinderman
Dimitri 2509 - Asauskas Henrikas 2357 , Warsaw 19. 6.2005 Ch Europe } )
12...Nh5 13.Qd2 Bc6 14.Nd4 Nxg3 15.hxg3 Qf6 16.b4 Bxd4 17.Qxd4 Qxd4 18.Rxd4
Rfd8 19.f3 h6 20.Kf2 Kf8 21.a4 Ke7 22.Rhd1 d6 23.a5 bxa5 24.b5 Bb7 25.Ra1 a6
26.Rxa5 axb5 27.Rxa8 Rxa8 28.cxb5 Ne5 29.Ra4 Nd7 30.Rxa8 Bxa8 { ...1/2-1/2,
Ivanov Alexander 2582 - Serper Grigory 2490 , Azov 1991 Spartakiada URS } ) (
11.h3 Ng6 12.Bh2 Nh5 13.Qd2 Nf6 ( 13...f5 14.exf5 Bxf3 15.gxf3 Nh4 16.Be2 Qf6
17.Qd3 Ng2+ 18.Kd2 Nhf4 19.Bxf4 Nxf4 20.Qe4 Qh6 21.Kc2 Rae8 22.Kb1 exf5 23.Qc2
Bxf2 24.Bd3 Nxd3 25.Rxd3 Re1+ 26.Rxe1 Bxe1 27.Rxd7 Qxh3 28.Qd1 Qh4 29.Qd5+ Kh8
30.Nb5 h5 { ...1-0, Harikrishna P 2632 - Macieja Bartlomiej 2618 , Bermuda 2.
2.2005 It (cat.17) } ) 14.Qc2 Nh5 15.Qd2 Nf6 16.b4 Be7 17.Bd3 a5 18.Qb2 Nh5
19.O-O Nhf4 20.Rfe1 axb4 21.axb4 f5 22.Nd4 Nxd3 23.Rxd3 Qc8 24.Ndb5 fxe4
25.Nd6 exd3 26.Nxc8 Raxc8 27.Qd2 Bxb4 28.Qxd3 Nh4 29.Rb1 Bxc3 30.Qxc3 Bxg2 {
...0-1, Bareev Evgeny 2715 - Ivanchuk Vassily 2705 , Rethymnon 2003 Cup
European Club (final) } ) ( 11.Bg5 Ng6 12.Bxf6 Qxf6 13.Rxd7 Bc6 14.Rd2 Qf4
15.Nd4 Bb7 16.Be2 Rad8 17.Nf3 Nh4 18.Rxd8 Rxd8 19.O-O Bd6 20.Rd1 f5 21.Qc1
Nxf3+ 22.Bxf3 Qxh2+ 23.Kf1 Rf8 24.Qd2 fxe4 25.Nxe4 Bxe4 26.Bxe4 Qh1+ 27.Ke2
Qh4 28.Bf3 Bc5 29.Rf1 Qxc4+ 30.Qd3 Qh4 { ...1/2-1/2, Zilberberg Alik 2243 -
Palciauskas Victor, corr. 1992 Ch World (corr.) } ) 11...Ng4 12.Rd2 f5 13.Bd3
Ng6 { ?! } ( 13...Rc8 14.exf5 Nxf5 15.Nb5 a6 { } ) 14.Bg5 Qb8 15.b4 Bd6
16.exf5 N6e5 17.Be4 Nxc4 18.Rd4 Bg3 19.O-O d5 20.Bxd5 Bh2+ 21.Kh1 exd5 22.Rxg4
Ne5 { ?! } ( 22...Be5 23.Re1 Nxa3 24.Qd3 Bxc3 { } ) 23.Nxh2 Nxg4 24.Nxg4 d4
25.Ne2 h6 26.Qc4+ Kh8 27.Bf4 Qe8 28.Ng3 { } {#r} 1-0

[Event "It (open)"]
[Site "masterchessopen.com Figueira da Foz (Portugal)"]
[Date "2005.10.29"]
[Round "1"]
[White "Cross Dominic (POR)"]
[Black "Iotov Valentin (BUL)"]
[Result "0-1"]
[WhiteElo "1927"]
[BlackElo "2450"]

1.d4 Nf6 2.c4 e6 3.Nc3 Bb4 4.Qc2 c5 5.dxc5 O-O 6.f3 Bxc5 7.Bg5 Nc6 8.e4 Qa5
9.Qd2 b6 10.Nge2 Ba6 11.Nc1 Be7 12.Be2 Ne5 13.Nb5 Bb4 14.Nc3 Nxc4 15.Bxc4 Bxc4
16.N1e2 Rac8 17.Bxf6 gxf6 18.Rc1 Qg5 19.a3 Bc5 20.Qxg5+ fxg5 21.Rd1 Rfd8 22.h4
h6 23.hxg5 hxg5 24.e5 d5 25.Nd4 Kg7 26.Kf2 a5 27.Ke3 Rh8 28.Na4 {#R} 0-1

[Event "It (open)"]
[Site "masterchessopen.com Bad Zwesten (Germany)"]
[Round "1"]
[White "Drobinski Martin (GER)"]
[Black "Siebrecht Sebastian (GER)"]
[Result "0-1"]
[WhiteElo "1924"]
[BlackElo "2463"]

1.d4 Nf6 2.c4 e6 3.Nc3 Bb4 4.Qc2 c5 5.dxc5 O-O 6.e3 Na6 7.Bd2 Bxc5 8.a3 b6
9.Nf3 Bb7 10.Be2 Rc8 11.O-O Qc7 12.Rfd1 Qb8 13.Be1 Rfd8 14.b4 Be7 15.Rd4 d5
16.Qb3 Nc7 17.Rad1 Nce8 18.cxd5 Nxd5 19.Nxd5 Bxd5 20.Qb1 Bf6 21.Rg4 h6 22.Nd4
Be5 23.Rh4 Qb7 24.Bf3 Nf6 25.Bxd5 Qxd5 26.h3 h5 27.f4 Bxd4 28.Rxd4 Qb5
29.Rxd8+ Rxd8 30.Qc2 Qd3 {#R} 0-1

[Event "Ch Hungary (team) 2005/06"]
[Site "masterchessopen.com Hungary"]
[Date "2006.01.22"]
[Round "6"]
[White "Flumbort Andras (HUN)"]
[Black "Borsos Bogdan (UKR)"]
[Result "1-0"]
[WhiteElo "2518"]
[BlackElo "2301"]

1.d4 Nf6 2.c4 e6 3.Nc3 Bb4 4.Qc2 c5 5.dxc5 O-O 6.a3 Bxc5 7.Nf3 Nc6 8.Bg5 h6
9.Bh4 b6 10.Rd1 Bb7 11.e3 Be7 12.Be2 a6 13.O-O Rc8 14.Rd2 Na5 15.Ne5 d6 16.b4
Qc7 17.Ng6 fxg6 18.bxa5 g5 19.axb6 Qxb6 20.Rb1 Qc7 21.Bg3 Rb8 22.Qd3 Rfd8
23.Qd4 e5 24.Qa7 Rdc8 25.Rdb2 {#r} 1-0